000 00237nam a2200097Ia 4500
001 965577
005 20250826220248.0
008 250824s9999 xx 000 0 und d
245 0 _aBAMBAŞKA
_cKAHRAMAN TAZEOĞLU
260 _bDESTEK YAYINLARI
999 _c965577
_d965577